[Event "Norrkoeping Easter op"]
[Site "Norrkoeping"]
[Date "2011.04.22"]
[Round "1"]
[White "Fransson, Angelina"]
[Black "Carlsson, Pontus"]
[Result "0-1"]
[WhiteElo "1920"]
[BlackElo "2496"]
[PlyCount "98"]
[EventDate "2011.04.22"]
[EventType "swiss"]
[EventRounds "8"]
[EventCountry "SWE"]
[SourceTitle "CBM 141 Extra"]
[Source "ChessBase"]
[SourceDate "2011.05.03"]
[SourceVersion "1"]
[SourceVersionDate "2011.05.03"]
[SourceQuality "1"]

1. e4 c5 2. d3 Nc6 3. g3 g6 4. Bg2 Bg7 5. f4 e6 6. Nf3 Nge7 7. 0-0 0-0 8. c3 d6 9. Be3 b6 10. d4 Ba6 11. Re1 Qc7 12. d5 exd5 13. exd5 Na5 14. Na3 Rae8 15. Bf2 b5 16. Qd2 Qb7 17. Rad1 b4 18. cxb4 cxb4 19. Nc2 Nc4 20. Qxb4 Nxb2 21. Rb1 Rb8 22. Qxb7 Rxb7 23. Bd4 Rc8 24. Rxe7 Rxc2 25. Re8+ Bf8 26. Ne1 Rc4 27. Bxb2 Rcb4 28. Rc1 Bb5 29. Rd8 Rxb2 30. Rcc8 Kg7 31. Rxf8 Re7 32. Rg8+ Kf6 33. Rc1 Rxa2 34. g4 h6 35. g5+ hxg5 36. fxg5+ Kxg5 37. Nf3+ Kf6 38. Nd4 Bd3 39. Rgc8 Re3 40. R8c6 Ke5 41. Nf3+ Kf4 42. Ne1 Be4 43. R6c4 f5 44. Bxe4 Rxe4 45. Ng2+ Ke5 46. Rd1 a5 47. Kf1 a4 48. Ne3 Kf4 49. Re1 Rxh2 0-1